00698nam a2200241 a 4500001001300000003000900013005001700022008004100039020001000080082002100090100001400111245003400125260005600159300000800215500003500223505001600258650001700274700001400291902000800305942000700313952012100320999001500441nice12345678IN_TiNIC20260116011935.0050524s1979 mada grp 000 0 eng  ac10000a306.0899145bPON aPonraj, S aCommission on National Issues aMadrasbNational Council of Churches in Indiac1979 a00p aincludes index and biblioraphy2 aUrdu-Arabic aChurch-India1 aPonraj, S bSRS cBK 001040708StackRoom-aHMIbHMId2007-08-01g100.00l0o306.0899145 PONp09940r2007-08-01v100.00w2005-05-24yBK c4984d4984